000 00495nam a2200181Ia 4500
001 11426
005 20260306162827.0
008 260306t2013||||xx |||||||||||||| ||spa||
041 _aESP
082 _a985.05
_bA32
100 _aÁguila Peralta, Alicia del
_eAUT
245 0 _aLa ciudadanía corporativa:
_bpolítica, constituciones y sufragio en el Perú (1821-1896)
260 _c2013
300 _a327 páginas :
_c20 cm.
650 _aGEN
654 _aCHU
942 _cLIB
_dJUS
_fJUS
_2ddc
_n
999 _c11426
_d11426